Statistics for NBA Teams With Most Followers on TikTok

Click here to take the quiz!

General Stats

  • This quiz has been taken 61 times
    (25 since last reset)
  • The average score is 7 of 10

Answer Stats

Number of FollowersNBA Team% Correct
5.8MGolden State Warriors
95%
2.0MLos Angeles Lakers
95%
1.5MBoston Celtics
81%
1.6MBrooklyn Nets
76%
2.4MChicago Bulls
67%
1.5MNew York Knicks
67%
3.8MUtah Jazz
62%
1.9MLos Angeles Clippers
57%
1.9MMilwaukee Bucks
57%
1.9MDallas Mavericks
52%

Score Distribution

Percentile by Number Answered

Percent of People with Each Score

Your Score History

You have not taken this quiz since the last reset